000 00468nam a2200205Ia 4500
005 20240823040825.0
008 240823s9999||||xx |||||||||||||| ||und||
020 _a81-21-0161-8
041 _aENGLISH
082 _A515.63 Q0
100 _aShanti Narayan
245 0 _aVector Calculus
250 _a1st
260 _c2010
_bS Chand & Co
500 _aYES
650 _avector Calculus
_bMathematics
700 _a Mittal P K
942 _cBK
999 _c204035
_d204035